Normal view
MARC view
Entry Personal Name
001 - CONTROL NUMBER
- control field: 9036
003 - CONTROL NUMBER IDENTIFIER
- control field: ARRUPE
005 - DATE AND TIME OF LATEST TRANSACTION
- control field: 20140307132137.0
008 - FIXED-LENGTH DATA ELEMENTS
- fixed length control field: 140307|| aca||aabn | a|a d
040 ## - CATALOGING SOURCE
- Original cataloging agency: ARRUPE
- Transcribing agency: ARRUPE
100 ## - HEADING--PERSONAL NAME
- Personal name: Rawls, John,
- Dates associated with a name: 1921-2002.
670 ## - SOURCE DATA FOUND
- Source citation: Work cat.: (ARRUPE)0: Lehning, Percy B. (Percy Blanchemains) 9035, John Rawls :, 2009.